000 00525nam a2200193 a 4500
001 1775555653083
003 YourLibrary
005 20260407152611.0
008 260407s1999##################000#0#eng##
020 _a9780333651759
082 0 4 _a355.03305
_bBOO
100 1 _aBooth, Ken,
_eauthor.
245 1 0 _aStrategic Cultures in the Asia-Pacific Region :
260 _bPalgrave Macmillan,
_c1999.
300 _a378 pages
650 0 _aPolitical Science.
942 _cENGLISH
040 _aYourLibrary
_beng
_cYourLibrary
999 _c618759
_d618759